| 000 | 00934cam a22002534a 4500 | ||
|---|---|---|---|
| 001 | 13667866 | ||
| 005 | 20180116093016.0 | ||
| 008 | 040727s2005 ja ab b 001 0 eng | ||
| 010 | _a 2004017311 | ||
| 020 | _a9280811053 (pbk.) | ||
| 040 |
_aDLC _cDLC _dDLC |
||
| 041 | _aeng | ||
| 042 | _apcc | ||
| 043 |
_aec----- _aee----- |
||
| 080 | _a307.760943 HAM | ||
| 082 | 0 | 0 |
_a307.760943 HAM _222 |
| 100 | _a21 | ||
| 101 | _aPOL | ||
| 245 | 0 | 0 |
_aTransformation of cities in Central and Eastern Europe : _cedited by F.E. Ian Hamilton, Kaliopa Dimitrovska Andrews, and Nataša Pichler-Milanović. |
| 504 | _aIncludes bibliographical references and index. | ||
| 906 |
_a7 _bcbc _corignew _d1 _eecip _f20 _gy-gencatlg |
||
| 942 |
_2ddc _cBK |
||
| 999 |
_c40385 _d40385 |
||